000 00656nam a2200253Ia 4500
003 OSt
005 20221007073120.0
006 a|||||r|||| 00| 0
007 ta
008 221006b |||||||| |||| 00| 0 eng d
020 _a0300084773
024 _a10,568
037 _cTextual
040 _aFLL
_cFLL
_beng
041 _2eng
_aeng
082 _aZ1, P2
100 _aChen Lung-Chu
_9652740
245 0 _aIntroduction to contemporary international
250 _a2nd
260 _aLondon
_bYale University Press London
_c2002
300 _axiv,493p
_ccm.
942 _hZ1, P2
_cTEXL
_2CC
999 _c1147728
_d1147728